Cuantificación y caracterización de residuos sólidos de construcción para viviendas unifamiliares de gran tamaño del Gran Área Metropolitana
Sparad:
| Huvudupphovsman: | |
|---|---|
| Övriga upphovsmän: | |
| Materialtyp: | Bok |
| Språk: | Spanish |
| Publicerad: |
[San José ], Costa Rica
2019
|
| Ämnen: | |
| Taggar: |
Lägg till en tagg
Inga taggar, Lägg till första taggen!
|
MARC
| LEADER | 00000nam a22000007a 4500 | ||
|---|---|---|---|
| 003 | 013072 | ||
| 005 | 20230426150108.0 | ||
| 008 | 190711b2019 c a|||| ||m| 00| ||spa d | ||
| 040 | |c cru CEDI | ||
| 100 | |9 436 |a Castro Araya, Jorddy, 1992- | ||
| 245 | |a Cuantificación y caracterización de residuos sólidos de construcción para viviendas unifamiliares de gran tamaño del Gran Área Metropolitana | ||
| 260 | |a [San José ], Costa Rica |c 2019 | ||
| 500 | |a Proyecto de graduación (licenciatura en ingeniería civil)--Universidad de Costa Rica. Facultad de Ingeniería. Escuela de Ingeniería Civil. | ||
| 501 | |a Directora de Proyecto de Graduación: Ing. Nidia Cruz Zúñiga | ||
| 650 | |x INDUSTRIA DE LA CONSTRUCCION - DISPOSICION DE RESIDUOS |x MANEJO INTEGRAL DE RESIDUOS SOLIDOS - GRAN AREA METROPOLITANA (COSTA RICA) |x INDUSTRIA DE LA CONSTRUCCION - MINIMIZACION DE RESIDUOS |x CONSTRUCCION DE VIVIENDAS - ASPECTOS AMBIENTALES - GRAN AREA METROPOLITANA (COSTA RICA) | ||
| 700 | |9 223 |a Cruz Zúñiga, Nidia, 1978- |d Directora del TFG | ||
| 942 | |c CEDI |h TFG 8222 |6 TFG_8222_000000000000000 | ||
| 999 | |c 21734 |d 21734 | ||
